Uma noite encantada (Registo nº 4415)
[ vista simples ]
| 000 -Etiqueta do registo | |
|---|---|
| Cabeçalho | 00690nam a2200253 4500 |
| 005 - Identificador da versão | |
| Campo de controlo | 20240813122100.0 |
| 010 ## - Número internacional normalizado dos livros (ISBN) | |
| Número (ISBN) | 9725533704 |
| 021 ## - Número do Depósito Legal | |
| Código do país | PT |
| Número | 195223/03 |
| 100 ## - Dados gerais de processamento | |
| Dados gerais de processamento | 20041118d2003 c y0pory500305 ba |
| 102 ## - Pais de publicação ou produção | |
| País de publicação | Portugal |
| 101 1# - Língua de publicação | |
| Língua do texto, banda sonora, etc. | Português |
| 106 ## - Campo de dados codificados: material textual | |
| Dados codificados do material textual | r |
| 105 ## - Campo de dados codificados: livros | |
| Dados codificados dos livros | a z 000yy |
| 215 ## - Descrição física | |
| Indicação específica da natureza do documento e extensão da espécie | [26] p. |
| Outras indicações físicas | muito il. |
| Dimensões | 18 cm |
| 200 1# - Titulo e menção de responsabilidade | |
| Título próprio | Uma noite encantada |
| Primeira menção de responsabilidade | Grace Windsor |
| Outras menções de responsabilidade | trad. Guilhermina Rebelo de Andrade |
| 225 1# - Colecção | |
| Título próprio da colecção | Ler é crescer. |
| Nome de uma parte ou secção | Princesas Disney |
| Indicação de volume | 3 |
| 210 ## - Publicação, Distribuição, etc. | |
| Lugar da edição, distribuição, etc. | Lisboa |
| Nome do editor, distribuidor, etc. | Verbo |
| Data da publicação, distribuição, etc. | 2003 |
| 675 ## - Classificação Decimal Universal (CDU) | |
| Notação | 087.5 |
| Edição | BN |
| Língua da edição | por |
| 702 #1 - Nome de autor-pessoa física (responsabilidade secundária) | |
| Número de registo de entrada de autoridade | 0000508 |
| Palavra de ordem | Andrade |
| Outra parte do nome não tomada para palavra de ordem | Guilhermina Rebelo de |
| 700 #1 - Nome de autor-pessoa física (responsabilidade principal) | |
| Número de registo de entrada de autoridade | 0001247 |
| Palavra de ordem | Windsor |
| Outra parte do nome não tomada para palavra de ordem | Grace |
| 942 ## - Elementos de entrada adicionados (Koha) | |
| Tipo de item no Koha | Livro |
| Situação do levantamento | Origin of item (home branch) (coded) | Biblioteca de empréstimo | Código de barras | Cota | Circulation type (not for loan) | Tipo de documento | Nota do exemplar | Damaged status |
|---|---|---|---|---|---|---|---|---|
| Biblioteca Escolar das Vendas | Biblioteca Escolar das Vendas | BEV871 | 8EST DIS | Livro | Sem mensagem |
